000 00287nam a22001217a 4500
008 181030b xxu||||| |||| 00| 0 eng d
041 _aeng
080 _25 ed
_a159.9
100 _a49
101 _aPSI
245 _aComprehensive Textbook Of Psychiatry
_cHrold.I.K
942 _2udc
_cBK
999 _c51097
_d51097